000 00592nam a2200229Ia 4500
005 20250326144559.0
008 250326s9999 xx 000 0 und d
020 _a978-81-317-2720-1
037 _aTextbook
040 _aFMSL
_beng
_cFMSL
041 _aeng
_2eng
084 _aX:8 Q0;1
_qFMSL
100 _aRobbins S P
_9308447
245 0 _aManagement
_cRobbins S P And Others
250 _a10
260 _aNew Delhi
_bNew Delhi, Pearson
_c2010
300 _a545p
365 _b998
650 _aEconomy
_9662352
942 _cTB
_hX:8 Q0;1
999 _c1304234
_d1304234